[Event "GER-ch U12 Girls"]
[Site "Willingen"]
[Date "2023.05.28"]
[Round "1"]
[White "Borck, Elena"]
[Black "Ali, Maha"]
[Result "0-1"]
[WhiteElo "970"]
[BlackElo "1403"]
[PlyCount "88"]
[EventDate "2023.05.27"]
[EventType "swiss"]
[EventRounds "9"]
[EventCountry "GER"]
[SourceTitle "CBM 214 Extra"]
[Source "ChessBase"]
[SourceDate "2023.07.31"]
[SourceVersion "1"]
[SourceVersionDate "2023.07.31"]
[SourceQuality "1"]

1. c4 e5 2. Nc3 Bb4 3. Nf3 Bxc3 4. bxc3 d6 5. d4 Nc6 6. dxe5 Nxe5 7. Nxe5 dxe5 8. Qxd8+ Kxd8 9. e4 Be6 10. Rb1 b6 11. f4 exf4 12. Bxf4 c5 13. e5 Ne7 14. g3 Nc6 15. Bg2 Rc8 16. Rd1+ Ke7 17. Bd5 h6 18. Bxe6 Kxe6 19. Rd6+ Ke7 20. 0-0 Rhd8 21. Rfd1 g5 22. Bc1 Nxe5 23. h4 Rxd6 24. Rxd6 Kxd6 25. hxg5 hxg5 26. Bxg5 Nf3+ 27. Kg2 Nxg5 28. a4 Ne4 29. g4 Nxc3 30. Kf3 Nxa4 31. Kf4 Nb2 32. Kf5 a5 33. g5 a4 34. Kf6 Rg8 35. Kf5 Rxg5+ 36. Kxg5 a3 37. Kf6 a2 38. Kxf7 a1Q 39. Kg6 Qf1 40. Kg5 Ke5 41. Kg6 Qf6+ 42. Kh5 Qg7 43. Kh4 Kf4 44. Kh5 Qg5# 0-1

[Event "GER-ch U12 Girls"]
[Site "Willingen"]
[Date "2023.05.28"]
[Round "2"]
[White "Myronova, Alisa"]
[Black "Borck, Elena"]
[Result "1-0"]
[WhiteElo "1314"]
[BlackElo "970"]
[PlyCount "101"]
[EventDate "2023.05.27"]
[EventType "swiss"]
[EventRounds "9"]
[EventCountry "GER"]
[SourceTitle "CBM 214 Extra"]
[Source "ChessBase"]
[SourceDate "2023.07.31"]
[SourceVersion "1"]
[SourceVersionDate "2023.07.31"]
[SourceQuality "1"]

1. d4 d6 2. c4 Nf6 3. Nc3 g6 4. g3 Bg7 5. Bg2 0-0 6. Bf4 Bf5 7. Bxb7 Be4 8. Nxe4 Nxe4 9. Bxa8 c6 10. Qd3 d5 11. Bxb8 Qxb8 12. Bxc6 Qxb2 13. Rb1 Qxd4 14. Qxd4 Bxd4 15. Bxd5 Bxf2+ 16. Kf1 Nd2+ 17. Kxf2 Nxb1 18. Nf3 Nc3 19. a3 e6 20. Rc1 Nxd5 21. cxd5 exd5 22. Rd1 Rd8 23. e4 d4 24. Rxd4 Rxd4 25. Nxd4 f6 26. Nc6 a6 27. Nb8 a5 28. Nc6 a4 29. Na5 f5 30. exf5 gxf5 31. Nc4 Kf7 32. Nb6 Kf6 33. Nxa4 h5 34. Nb6 Kg5 35. a4 Kg4 36. Kg2 h4 37. a5 h3+ 38. Kf2 f4 39. gxf4 Kxf4 40. a6 Ke5 41. a7 Kd6 42. a8Q Kc5 43. Qa5+ Kc6 44. Ke3 Kc7 45. Kd4 Kc6 46. Qc5+ Kb7 47. Nd5 Kb8 48. Qe7 Ka8 49. Kc5 Kb8 50. Kb6 Kc8 51. Qc7# 1-0

[Event "GER-chT U12 Girls"]
[Site "Willingen"]
[Date "2022.08.15"]
[Round "5.5"]
[White "Berger, Jennifer"]
[Black "Borck, Elena"]
[Result "0-1"]
[WhiteElo "1050"]
[BlackElo "739"]
[PlyCount "86"]
[EventDate "2022.08.13"]
[EventType "team-swiss"]
[EventRounds "7"]
[EventCountry "GER"]
[SourceTitle "EXT 2023"]
[Source "ChessBase"]
[SourceDate "2022.10.05"]
[SourceVersion "1"]
[SourceVersionDate "2022.10.05"]
[SourceQuality "1"]
[WhiteTeam "Garching"]
[BlackTeam "Norderstedt"]
[WhiteTeamCountry "GER"]
[BlackTeamCountry "GER"]

1. e4 d6 2. d4 Nc6 3. Nc3 Nf6 4. Be3 e5 5. dxe5 dxe5 6. Qxd8+ Nxd8 7. Nf3 Bd6 8. 0-0-0 Bg4 9. h3 Bxf3 10. gxf3 Nc6 11. Bb5 0-0 12. Rdg1 Kh8 13. Bh6 gxh6 14. Bc4 Nd4 15. Rg3 Nh5 16. Rg4 Nxf3 17. h4 Rg8 18. Rxg8+ Rxg8 19. Bxf7 Rg1+ 20. Rxg1 Nxg1 21. Nd5 Nf4 22. Ne3 Kg7 23. Bb3 Nge2+ 24. Kd1 Nd4 25. Bc4 a6 26. c3 b5 27. cxd4 bxc4 28. dxe5 Bxe5 29. Nxc4 Bf6 30. e5 Bxh4 31. Kd2 Bxf2 32. a4 h5 33. Ne3 h4 34. Nf5+ Kg6 35. e6 Nxe6 36. Ke2 Kxf5 37. Kxf2 Nf4 38. Kf3 h3 39. Kg3 h5 40. Kh4 h2 41. b4 h1Q+ 42. Kg3 Qg2+ 43. Kh4 Qg4# 0-1

[Event "GER-chT U12 Girls"]
[Site "Willingen"]
[Date "2022.08.15"]
[Round "6.5"]
[White "Borck, Elena"]
[Black "Marrufo, Emilia"]
[Result "0-1"]
[WhiteElo "739"]
[BlackElo "970"]
[PlyCount "40"]
[EventDate "2022.08.13"]
[EventType "team-swiss"]
[EventRounds "7"]
[EventCountry "GER"]
[SourceTitle "EXT 2023"]
[Source "ChessBase"]
[SourceDate "2022.10.05"]
[SourceVersion "1"]
[SourceVersionDate "2022.10.05"]
[SourceQuality "1"]
[WhiteTeam "Norderstedt"]
[BlackTeam "Werder Bremen"]
[WhiteTeamCountry "GER"]
[BlackTeamCountry "GER"]

1. e4 e5 2. Nf3 Nc6 3. Bc4 Bc5 4. Nc3 Nf6 5. d3 d6 6. a3 a6 7. b4 Ba7 8. b5 Nd4 9. bxa6 bxa6 10. Nd5 c6 11. Nb4 d5 12. exd5 Nxd5 13. Nxe5 Qe7 14. Nxd5 cxd5 15. c3 Qxe5+ 16. Be3 dxc4 17. 0-0 Nc6 18. d4 Qf5 19. Qa4 Bb7 20. Qxc4 0-0 0-1

[Event "GER-chT U12 Girls"]
[Site "Willingen"]
[Date "2022.08.13"]
[Round "2.3"]
[White "Borck, Elena"]
[Black "Belkina, Elisabeth"]
[Result "0-1"]
[WhiteElo "739"]
[BlackElo "1126"]
[PlyCount "40"]
[EventDate "2022.08.13"]
[EventType "team-swiss"]
[EventRounds "7"]
[EventCountry "GER"]
[SourceTitle "EXT 2023"]
[Source "ChessBase"]
[SourceDate "2022.10.05"]
[SourceVersion "1"]
[SourceVersionDate "2022.10.05"]
[SourceQuality "1"]
[WhiteTeam "Norderstedt"]
[BlackTeam "Weisse Dame"]
[WhiteTeamCountry "GER"]
[BlackTeamCountry "GER"]

1. c4 c6 2. Nc3 d5 3. cxd5 cxd5 4. d4 Bf5 5. g3 e6 6. Bg2 Nc6 7. e3 Nf6 8. Nge2 Be7 9. 0-0 0-0 10. b3 Nb4 11. Bb2 Rc8 12. Rc1 Nd3 13. Rb1 Nxb2 14. Rxb2 Ba3 15. Rd2 Bb4 16. Qa1 Qa5 17. Rc1 Rc6 18. Rdd1 Ba3 19. Rb1 Bxb1 20. Rxb1 Rfc8 0-1

[Event "GER-ch U10 Girls"]
[Site "Willingen"]
[Date "2021.08.27"]
[Round "8"]
[White "Ruddat, Maila"]
[Black "Borck, Elena"]
[Result "0-1"]
[WhiteElo "729"]
[BlackElo "775"]
[PlyCount "144"]
[EventDate "2021.08.22"]
[EventType "swiss"]
[EventRounds "11"]
[EventCountry "GER"]
[SourceTitle "EXT 2022"]
[Source "ChessBase"]
[SourceDate "2021.10.06"]
[SourceVersion "1"]
[SourceVersionDate "2021.10.06"]
[SourceQuality "1"]

1. e4 d6 2. d4 Nf6 3. Nc3 g6 4. f3 Bg7 5. Be3 0-0 6. Qd2 Nc6 7. 0-0-0 a6 8. g4 h6 9. h4 h5 10. gxh5 Nxh5 11. Bh6 Rb8 12. Bxg7 Nxg7 13. Bd3 Nb4 14. Nge2 Be6 15. Kb1 Qd7 16. Rhg1 Nh5 17. d5 Bh3 18. a3 Nxd3 19. Qxd3 b5 20. f4 Rfd8 21. e5 a5 22. exd6 cxd6 23. Kc1 Bf5 24. Qd4 Rb7 25. Ng3 Bg4 26. Rde1 Re8 27. Nxh5 Bxh5 28. Rgf1 f6 29. Rf2 e5 30. Qe3 b4 31. axb4 Rxb4 32. Ref1 Rxf4 33. Rxf4 exf4 34. Qxf4 Rf8 35. Qa4 Qh3 36. Qf4 f5 37. Nb5 Re8 38. Qf2 Re2 39. Qg1 Bg4 40. Re1 Re5 41. Nxd6 Rxd5 42. Re8+ Kh7 43. Nc4 Rd1+ 44. Qxd1 Bxd1 45. Kxd1 f4 46. Ke2 f3+ 47. Kf2 Qg2+ 48. Ke3 Qe2+ 49. Kd4 Qxe8 50. Nd6 Qe2 51. Nc4 Qe1 52. c3 f2 53. b4 f1Q 54. bxa5 Qe6 55. Ne5 Qd6+ 56. Ke4 Qdd3+ 57. Nxd3 Qh3 58. a6 Qxh4+ 59. Nf4 g5 60. a7 Qxf4+ 61. Kd5 Qa4 62. c4 Qxa7 63. c5 Qe7 64. c6 g4 65. Kc4 g3 66. c7 Qxc7+ 67. Kd3 Qc1 68. Ke2 g2 69. Kd3 g1Q 70. Ke4 Kg6 71. Ke5 Qgg5+ 72. Ke4 Qce3# 0-1

[Event "GER-ch U10 Girls"]
[Site "Willingen"]
[Date "2021.08.24"]
[Round "4"]
[White "Frydel, Helena Maria"]
[Black "Borck, Elena"]
[Result "1-0"]
[WhiteElo "966"]
[BlackElo "775"]
[PlyCount "43"]
[EventDate "2021.08.22"]
[EventType "swiss"]
[EventRounds "11"]
[EventCountry "GER"]
[SourceTitle "EXT 2022"]
[Source "ChessBase"]
[SourceDate "2021.10.06"]
[SourceVersion "1"]
[SourceVersionDate "2021.10.06"]
[SourceQuality "1"]

1. e4 d6 2. d4 Nf6 3. Nc3 g6 4. Nf3 Bg7 5. Bc4 0-0 6. 0-0 Nc6 7. Bg5 e6 8. Qe2 d5 9. Bb5 Ne7 10. exd5 exd5 11. Rfe1 c6 12. Ba4 Re8 13. Qd2 Qd6 14. h3 b6 15. Re2 Ba6 16. Re3 Rac8 17. Rae1 c5 18. Bxe8 Nxe8 19. Rxe7 Nc7 20. Qf4 Qc6 21. Qxf7+ Kh8 22. Qxg7# 1-0